[Event "FIRST SATURDAY TOURNAMENTS Budapest FM B"]
[Site "Budapest"]
[Date "2012.07.07"]
[Round "1.1"]
[White "Sandor, Laszlo"]
[Black "Czipp, Janos"]
[Result "0-1"]
[WhiteElo "1490"]
[BlackElo "1414"]
[PlyCount "60"]
[EventDate "2012.07.07"]

1. e4 g6 2. d4 d6 3. f4 Nf6 4. e5 dxe5 5. fxe5 Ne4 6. Be3 f5 7. Bd3 c5 8. c3
Bg7 9. Bxe4 fxe4 10. Ne2 O-O 11. Qc2 Bf5 12. Nd2 cxd4 13. cxd4 Qa5 14. O-O Na6
15. Qb3+ e6 16. Rac1 Nb4 17. Nc3 Nd3 18. Rc2 Qb4 19. Qa4 Qxa4 20. Nxa4 Rfc8 21.
Rxc8+ Rxc8 22. Nc3 Nxb2 23. Ndxe4 Nc4 24. Bf4 Rd8 25. Rd1 Bg4 26. Rb1 b6 27. h3
Bf5 28. Bg5 Rxd4 29. Nf6+ Bxf6 30. Bxf6 Bxb1 0-1

[Event "FIRST SATURDAY TOURNAMENTS Budapest FM B"]
[Site "Budapest"]
[Date "2012.07.07"]
[Round "1.3"]
[White "Schmidt, Wolfgang"]
[Black "Mihajlova, Diana"]
[Result "0-1"]
[WhiteElo "1444"]
[BlackElo "1431"]
[PlyCount "46"]
[EventDate "2012.07.07"]

1. d4 Nf6 2. Nf3 d5 3. c4 Bf5 4. e3 e6 5. Nc3 Nc6 6. Bd3 Ne4 7. cxd5 exd5 8.
O-O Nxc3 9. bxc3 Bg4 10. Rb1 Qc8 11. Re1 Bd6 12. e4 O-O 13. exd5 Ne7 14. c4 b6
15. Bg5 Nf5 16. Be4 h6 17. Be3 Nh4 18. g3 f5 19. Bd3 Nxf3+ 20. Kg2 Nh4+ 21.
gxh4 Bxd1 22. Rbxd1 f4 23. Bc1 f3+ 0-1

[Event "FIRST SATURDAY TOURNAMENTS Budapest FM B"]
[Site "Budapest"]
[Date "2012.07.07"]
[Round "1.4"]
[White "Nemeth, Otto"]
[Black "Olah, Laszlo Istvan"]
[Result "1-0"]
[WhiteElo "1837"]
[BlackElo "1635"]
[PlyCount "45"]
[EventDate "2012.07.07"]

1. e4 e5 2. Bc4 Nf6 3. Nc3 Nxe4 4. Nxe4 d5 5. Bd3 dxe4 6. Bxe4 Bd6 7. Nf3 Bg4
8. Bxb7 Nd7 9. Bxa8 Qxa8 10. h3 Be6 11. d3 O-O 12. b3 f5 13. O-O Bd5 14. Bb2 e4
15. dxe4 fxe4 16. Nh4 Bc5 17. Bxg7 Kxg7 18. Qg4+ Kh8 19. Qxd7 e3 20. fxe3 Bxe3+
21. Kh1 Bf2 22. Rad1 Bc6 23. Qe7 1-0

[Event "FIRST SATURDAY TOURNAMENTS Budapest FM B"]
[Site "Budapest"]
[Date "2012.07.07"]
[Round "1.5"]
[White "Gruz, Janos"]
[Black "Balla, Attila"]
[Result "1/2-1/2"]
[WhiteElo "1868"]
[BlackElo "1782"]
[PlyCount "84"]
[EventDate "2012.07.07"]

1. d4 d5 2. Nf3 Nf6 3. Bf4 e6 4. e3 c5 5. c3 Nc6 6. Nbd2 Bd6 7. Bg3 b6 8. Bb5
Bb7 9. Ne5 Bxe5 10. dxe5 Nd7 11. f4 c4 12. Qg4 O-O 13. Ba4 Nc5 14. Bc2 Ne7 15.
Bh4 Qd7 16. O-O Nf5 17. Qh3 Nxh4 18. Qxh4 Nd3 19. Nf3 f6 20. Rad1 h6 21. exf6
Rxf6 22. Bxd3 cxd3 23. Ne5 Qa4 24. a3 Qe4 25. Qg3 Ba6 26. Rd2 Rc8 27. Qf3 g5
28. g3 Kh7 29. Ng4 Rf5 30. Qxe4 dxe4 31. Nf2 Bb7 32. Re1 Rg8 33. Kf1 e5 34. g4
Rf7 35. f5 h5 36. h3 hxg4 37. hxg4 Kg7 38. Kg2 Rh8 39. Rh1 Rxh1 40. Kxh1 Kf6
41. Kg2 Rh7 42. Kg3 Bd5 1/2-1/2

[Event "FIRST SATURDAY TOURNAMENTS Budapest FM B"]
[Site "Budapest"]
[Date "2012.07.07"]
[Round "1.6"]
[White "Bakos, Viktor"]
[Black "Prohaszka, Gyula Imre"]
[Result "1-0"]
[WhiteElo "1435"]
[BlackElo "1260"]
[PlyCount "56"]
[EventDate "2012.07.07"]

1. e4 c6 2. d4 d5 3. exd5 cxd5 4. Nf3 Nc6 5. Be2 Bf5 6. c3 e6 7. Bf4 Nf6 8. O-O
Bd6 9. Bg3 O-O 10. Re1 Re8 11. Bd3 Bxd3 12. Qxd3 Qc7 13. Nbd2 e5 14. dxe5 Nxe5
15. Nxe5 Bxe5 16. Bxe5 Rxe5 17. Rxe5 Qxe5 18. Nf3 Qe7 19. Re1 Qd7 20. Rd1 Re8
21. Nd4 Qe7 22. h3 Ne4 23. Nb3 Qf6 24. Qd4 Qg5 25. Nc5 Nxc5 26. Qxc5 b6 27. Qb5
Rd8 28. c4 f6 1-0

[Event "FIRST SATURDAY TOURNAMENTS Budapest FM B"]
[Site "Budapest"]
[Date "2012.07.08"]
[Round "2.1"]
[White "Czipp, Janos"]
[Black "Prohaszka, Gyula Imre"]
[Result "1/2-1/2"]
[WhiteElo "1414"]
[BlackElo "1260"]
[PlyCount "46"]
[EventDate "2012.07.07"]

1. d4 c6 2. c4 d5 3. Nc3 Nf6 4. g3 Bf5 5. cxd5 cxd5 6. Bg2 e6 7. Nf3 Nc6 8. O-O
Bd6 9. Re1 O-O 10. Bg5 h6 11. Bxf6 Qxf6 12. a3 Be4 13. e3 Bxf3 14. Qxf3 Qxf3
15. Bxf3 Rfc8 16. Rac1 a5 17. Re2 Rc7 18. Nb5 Rd7 19. e4 dxe4 20. Bxe4 Rb8 21.
Rec2 Be7 22. Rd1 Bf6 23. d5 exd5 1/2-1/2

[Event "FIRST SATURDAY TOURNAMENTS Budapest FM B"]
[Site "Budapest"]
[Date "2012.07.08"]
[Round "2.2"]
[White "Balla, Attila"]
[Black "Bakos, Viktor"]
[Result "1/2-1/2"]
[WhiteElo "1782"]
[BlackElo "1435"]
[PlyCount "94"]
[EventDate "2012.07.07"]

1. d4 d5 2. c4 e6 3. Nf3 Nf6 4. Nc3 Be7 5. e3 O-O 6. b3 Nbd7 7. Bb2 b6 8. Qc2
Bb7 9. Bd3 Rc8 10. Rc1 c5 11. cxd5 exd5 12. O-O Re8 13. dxc5 Bxc5 14. Qb1 h6
15. Ne2 Ng4 16. Nfd4 Bxd4 17. Bxd4 Nge5 18. Bf5 g6 19. Bh3 Ba6 20. Rxc8 Qxc8
21. Rc1 Qd8 22. Rc2 Bd3 23. Nf4 Bxc2 24. Qxc2 Qc8 25. Qb2 Qb8 26. Nxd5 Qd6 27.
e4 Nf6 28. Bxe5 Rxe5 29. f4 Qc5+ 30. Kf1 Rxd5 31. exd5 Nxd5 32. Qd2 Qb5+ 33.
Kf2 Qc5+ 34. Kf3 Qc3+ 35. Qxc3 Nxc3 36. a4 Kf8 37. Ke3 Nd5+ 38. Ke4 Nc7 39. g4
Ke7 40. Bf1 f6 41. h4 Kd6 42. Bc4 Ne6 43. b4 g5 44. fxg5 fxg5 45. hxg5 Nxg5+
46. Kf5 Nf3 47. Bb5 Ke7 1/2-1/2

[Event "FIRST SATURDAY TOURNAMENTS Budapest FM B"]
[Site "Budapest"]
[Date "2012.07.08"]
[Round "2.3"]
[White "Olah, Laszlo Istvan"]
[Black "Gruz, Janos"]
[Result "1-0"]
[WhiteElo "1635"]
[BlackElo "1868"]
[PlyCount "71"]
[EventDate "2012.07.07"]

1. e4 d6 2. d4 c6 3. f4 Nf6 4. Nc3 Bg4 5. Nf3 e6 6. Be2 Be7 7. O-O h6 8. e5 Nd5
9. Ne4 Bxf3 10. Bxf3 dxe5 11. fxe5 Na6 12. c3 Qc7 13. Bh5 g6 14. Qf3 O-O-O 15.
Bg4 Rdf8 16. b4 Qd7 17. a4 Nac7 18. Ba3 h5 19. Bh3 f5 20. exf6 Nxf6 21. Nc5
Bxc5 22. dxc5 Ng4 23. Qe2 Qg7 24. Bb2 Qh6 25. Rxf8+ Rxf8 26. Bxg4 hxg4 27. Qxg4
Qe3+ 28. Kh1 Qf2 29. h3 Qxb2 30. Rd1 Qc2 31. Qd4 Nd5 32. c4 Nf6 33. Qd6 Re8 34.
b5 Qe4 35. b6 axb6 36. cxb6 1-0

[Event "FIRST SATURDAY TOURNAMENTS Budapest FM B"]
[Site "Budapest"]
[Date "2012.07.08"]
[Round "2.5"]
[White "Benyeda, Tibor"]
[Black "Schmidt, Wolfgang"]
[Result "1-0"]
[WhiteElo "1623"]
[BlackElo "1444"]
[PlyCount "55"]
[EventDate "2012.07.07"]

1. Nf3 c5 2. c4 Nf6 3. e3 d6 4. d4 cxd4 5. exd4 e6 6. Nc3 d5 7. Bg5 Be7 8. c5
Nc6 9. a3 a6 10. b4 b5 11. Bd3 Nh5 12. Qd2 f6 13. Be3 e5 14. Be2 e4 15. Nh4 g6
16. g4 Ng7 17. Ng2 Ne6 18. O-O O-O 19. f3 exf3 20. Bxf3 Nc7 21. Nf4 f5 22.
Nfxd5 fxg4 23. Nxe7+ Nxe7 24. Bxa8 Nf5 25. Be4 g3 26. Bxf5 gxf5 27. hxg3 Rf6
28. Bg5 1-0

[Event "FIRST SATURDAY TOURNAMENTS Budapest FM B"]
[Site "Budapest"]
[Date "2012.07.09"]
[Round "3.2"]
[White "Schmidt, Wolfgang"]
[Black "Sandor, Laszlo"]
[Result "0-1"]
[WhiteElo "1444"]
[BlackElo "1490"]
[PlyCount "68"]
[EventDate "2012.07.07"]

1. d4 d5 2. c4 c6 3. Nc3 dxc4 4. a4 e5 5. e3 exd4 6. exd4 Be6 7. Nf3 h6 8. Be2
Nf6 9. O-O Be7 10. Ne5 O-O 11. Bxc4 Bxc4 12. Nxc4 Na6 13. Re1 Nb4 14. Ne5 Nbd5
15. Bd2 Qc7 16. Rb1 Bd6 17. Ne4 Bxe5 18. dxe5 Qxe5 19. Nc3 Qc7 20. b4 Rad8 21.
Qc1 Rfe8 22. b5 c5 23. g3 Rxe1+ 24. Bxe1 Qe5 25. Bd2 Qh5 26. Qf1 Qf3 27. Rc1 b6
28. Re1 Nxc3 29. Re3 Qd1 30. Bxc3 Qxa4 31. Bxf6 Rd1 32. Re1 Rxe1 33. Qxe1 gxf6
34. Qe8+ Kg7 0-1

[Event "FIRST SATURDAY TOURNAMENTS Budapest FM B"]
[Site "Budapest"]
[Date "2012.07.09"]
[Round "3.3"]
[White "Nemeth, Otto"]
[Black "Benyeda, Tibor"]
[Result "1-0"]
[WhiteElo "1837"]
[BlackElo "1623"]
[PlyCount "117"]
[EventDate "2012.07.07"]

1. e4 c6 2. d4 d5 3. e5 Bf5 4. Be3 e6 5. h4 h5 6. Be2 Be7 7. g3 Nd7 8. Bxh5 Qb6
9. b3 c5 10. c3 Rc8 11. Bf3 cxd4 12. Bxd4 Bc5 13. Ne2 Ne7 14. b4 Bxd4 15. Qxd4
Nc6 16. Qxb6 Nxb6 17. Nd4 Nxe5 18. Be2 Bxb1 19. Rxb1 Rxc3 20. a4 Ke7 21. a5
Nbd7 22. Nb5 Rc2 23. Nxa7 Ra8 24. Nb5 Rac8 25. Kd1 Nf6 26. Nd4 Ra2 27. f3 Nc4
28. Ke1 Na3 29. Rd1 Nc2+ 30. Kf2 Nxd4 31. Rxd4 Rcc2 32. Re1 e5 33. Rd3 Kd6 34.
Rb3 Nh5 35. b5 f5 36. a6 b6 37. Re3 Rcb2 38. f4 exf4 39. gxf4 Nxf4 40. Kf3 Nxe2
41. R1xe2 d4 42. Rxb2 Rxb2 43. Ra3 Rc2 44. a7 Rc8 45. a8=Q Rxa8 46. Rxa8 Kc5
47. Rd8 Kc4 48. Rd7 Kxb5 49. Rxd4 Kc5 50. Rf4 g6 51. Ke3 b5 52. Kd3 Kd5 53. Rf3
Ke5 54. Rg3 Kf6 55. Ke3 b4 56. Kf4 Kg7 57. Kg5 Kh7 58. Rb3 Kg7 59. Rxb4 1-0

[Event "FIRST SATURDAY TOURNAMENTS Budapest FM B"]
[Site "Budapest"]
[Date "2012.07.09"]
[Round "3.4"]
[White "Gruz, Janos"]
[Black "Mihajlova, Diana"]
[Result "0-1"]
[WhiteElo "1868"]
[BlackElo "1431"]
[PlyCount "96"]
[EventDate "2012.07.07"]

1. c4 Nf6 2. Nc3 e5 3. g3 Nc6 4. Bg2 Bc5 5. e3 d6 6. Nge2 Bf5 7. d3 Qd7 8. h3
O-O 9. a3 a5 10. Kf1 Nd8 11. Kg1 c6 12. e4 Be6 13. Qa4 Nh5 14. b4 Ba7 15. b5 f5
16. Be3 b6 17. exf5 Bxf5 18. bxc6 Qc8 19. Nd5 Rf7 20. c7 Nb7 21. Qd1 Nf6 22.
Nec3 Nc5 23. Bxc5 bxc5 24. Nb5 e4 25. Nxd6 Qe6 26. Nxf7 Kxf7 27. Nf4 Qc6 28. g4
Qxc7 29. Nd5 Nxd5 30. cxd5 Bg6 31. dxe4 Qe5 32. Qf3+ Kg8 33. Rf1 c4 34. Qe2 c3
35. Rh2 Re8 36. Kh1 Rf8 37. f4 Rxf4 38. Rxf4 Qxf4 39. e5 Bd4 40. d6 Bxe5 41.
Bd5+ Bf7 42. Bxf7+ Qxf7 43. Rf2 Qd5+ 44. Rf3 c2 45. Qxc2 Qxf3+ 46. Kg1 Bd4+ 47.
Kh2 Be5+ 48. Kg1 Qg3+ 0-1

[Event "FIRST SATURDAY TOURNAMENTS Budapest FM B"]
[Site "Budapest"]
[Date "2012.07.09"]
[Round "3.5"]
[White "Bakos, Viktor"]
[Black "Olah, Laszlo Istvan"]
[Result "0-1"]
[WhiteElo "1435"]
[BlackElo "1635"]
[PlyCount "77"]
[EventDate "2012.07.07"]

1. e4 e5 2. Nf3 Nc6 3. Bc4 Nf6 4. d3 Bc5 5. Nc3 d6 6. h3 h6 7. O-O Be6 8. Bb3
Qd7 9. Kh2 Ne7 10. Be3 Bb6 11. Qd2 Ng6 12. Rad1 Nh5 13. Ne2 O-O-O 14. a4 Bxe3
15. Qxe3 Kb8 16. Bxe6 Qxe6 17. c4 Ngf4 18. b4 Nxe2 19. Qxe2 Nf4 20. Qe3 g5 21.
b5 Rdg8 22. a5 g4 23. Ng1 gxh3 24. g3 Ng2 25. Qf3 h5 26. Qf5 h4 27. Nxh3 hxg3+
28. Kxg2 gxf2+ 29. Kh2 Qh6 30. Rxf2 Rg5 31. Qf3 Rh5 32. Kg2 Rxh3 33. Qxf7 Rh2+
34. Kf1 Rxf2+ 35. Qxf2 Rf8 36. Qxf8+ Qxf8+ 37. Ke2 c6 38. Rf1 Qe7 39. Rh1 0-1

[Event "FIRST SATURDAY TOURNAMENTS Budapest FM B"]
[Site "Budapest"]
[Date "2012.07.10"]
[Round "4.1"]
[White "Czipp, Janos"]
[Black "Balla, Attila"]
[Result "1-0"]
[WhiteElo "1414"]
[BlackElo "1782"]
[PlyCount "123"]
[EventDate "2012.07.07"]

1. d4 d5 2. c4 e6 3. Nf3 Nf6 4. Nc3 c6 5. Bg5 dxc4 6. e3 b5 7. a4 Bb4 8. Nd2
Bd7 9. Qf3 Qa5 10. Rc1 Nd5 11. e4 Nxc3 12. bxc3 Ba3 13. Rb1 Qxa4 14. Ra1 a5 15.
Be2 b4 16. Bxc4 bxc3 17. Qxc3 Bb4 18. Qc1 Bxd2+ 19. Bxd2 Qxa1 20. Qxa1 O-O 21.
O-O a4 22. Bb4 Rc8 23. Rb1 Be8 24. Bd6 Nd7 25. Qa3 Nf6 26. f3 Rd8 27. e5 Nd5
28. Bxd5 cxd5 29. g4 Rdc8 30. Bc5 f6 31. f4 Bg6 32. Rb7 fxe5 33. fxe5 Bc2 34.
Qf3 Bg6 35. h4 Rcb8 36. Rxb8+ Rxb8 37. Qf2 h6 38. h5 Be4 39. Kh2 Rb3 40. Qa2
Re3 41. Qxa4 Re2+ 42. Kg1 Rg2+ 43. Kf1 Rxg4 44. Qe8+ Kh7 45. Qxe6 Rf4+ 46. Ke1
Rh4 47. Qd7 Rxh5 48. Bf8 Rg5 49. Qa7 Rg6 50. Be7 h5 51. Qd7 Rh6 52. Bf6 Rg6 53.
Be7 Rh6 54. Qh3 h4 55. e6 Rh5 56. Qg4 g6 57. Bg5 Bf5 58. Qf4 Bxe6 59. Qc7+ Kg8
60. Qd8+ Kg7 61. Bf6+ Kh7 62. Qh8# 1-0

[Event "FIRST SATURDAY TOURNAMENTS Budapest FM B"]
[Site "Budapest"]
[Date "2012.07.10"]
[Round "4.2"]
[White "Olah, Laszlo Istvan"]
[Black "Prohaszka, Gyula Imre"]
[Result "1-0"]
[WhiteElo "1635"]
[BlackElo "1260"]
[PlyCount "81"]
[EventDate "2012.07.07"]

1. e4 c6 2. d4 d5 3. Nc3 e6 4. e5 a6 5. f4 c5 6. Nf3 Nc6 7. Ne2 cxd4 8. Nexd4
Nxd4 9. Nxd4 Bc5 10. Nb3 Qb6 11. Nxc5 Qxc5 12. c3 Ne7 13. Bd3 O-O 14. g4 Bd7
15. Qc2 g6 16. h4 d4 17. Qf2 Qd5 18. Rf1 dxc3 19. Qe2 cxb2 20. Bxb2 Qa5+ 21.
Kf2 Qb4 22. Bc1 Nd5 23. Kg3 Bb5 24. Rb1 Qc3 25. Rb3 Qc7 26. Bxb5 axb5 27. f5
Nc3 28. Qe3 Rfc8 29. f6 Kf8 30. Qh6+ Ke8 31. Qxh7 Qxe5+ 32. Kh3 Ne2 33. Qg8+
Kd7 34. Qxf7+ Kc6 35. Bf4 Nxf4+ 36. Rxf4 Qxf4 37. Qxe6+ Kc7 38. Rc3+ Kb8 39.
Qxc8+ Ka7 40. Qc5+ Ka6 41. Ra3+ 1-0

[Event "FIRST SATURDAY TOURNAMENTS Budapest FM B"]
[Site "Budapest"]
[Date "2012.07.10"]
[Round "4.3"]
[White "Mihajlova, Diana"]
[Black "Bakos, Viktor"]
[Result "0-1"]
[WhiteElo "1431"]
[BlackElo "1435"]
[PlyCount "50"]
[EventDate "2012.07.07"]

1. e4 c5 2. Nf3 e6 3. d4 cxd4 4. Nxd4 Nc6 5. Be3 Nf6 6. Nc3 Bb4 7. Nxc6 bxc6 8.
f3 O-O 9. Bd2 d5 10. e5 Nd7 11. f4 f6 12. Bd3 fxe5 13. fxe5 Qe8 14. Qe2 Bc5 15.
O-O-O Bd4 16. Rhf1 Nxe5 17. Rxf8+ Qxf8 18. Bxh7+ Kxh7 19. Qh5+ Kg8 20. Ne2
Bxb2+ 21. Kxb2 Nc4+ 22. Ka1 Nxd2 23. Rxd2 Bd7 24. g3 Qf7 25. Qe5 Rc8 0-1

[Event "FIRST SATURDAY TOURNAMENTS Budapest FM B"]
[Site "Budapest"]
[Date "2012.07.10"]
[Round "4.4"]
[White "Benyeda, Tibor"]
[Black "Gruz, Janos"]
[Result "0-1"]
[WhiteElo "1623"]
[BlackElo "1868"]
[PlyCount "86"]
[EventDate "2012.07.07"]

1. Nf3 d5 2. d4 c6 3. c4 e6 4. cxd5 exd5 5. Nc3 f5 6. Bg5 Nf6 7. e3 Bd6 8. Qc2
O-O 9. Bd3 h6 10. Bxf6 Qxf6 11. g3 Na6 12. a3 b5 13. b4 Bd7 14. O-O Nc7 15. Ne2
Ne6 16. Nc1 a5 17. Rb1 axb4 18. axb4 Nc7 19. Na2 Ra7 20. Qd2 Rfa8 21. Rb2 Be8
22. Nh4 g6 23. Bb1 Ne6 24. f4 Ng7 25. Nf3 Qe7 26. Rf2 Nh5 27. Rg2 Nf6 28. Ne5
Bxe5 29. fxe5 Ne4 30. Bxe4 dxe4 31. g4 Kh7 32. Qf2 Qe6 33. gxf5 gxf5 34. h4 Bh5
35. Rc2 Bf3 36. Rh2 Rg7+ 37. Kf1 Rag8 38. Nc1 Rg6 39. Ne2 Qb3 40. Nc1 Qxb4 41.
Ra2 Rg1+ 42. Qxg1 Rxg1+ 43. Kxg1 Qe1# 0-1

[Event "FIRST SATURDAY TOURNAMENTS Budapest FM B"]
[Site "Budapest"]
[Date "2012.07.10"]
[Round "4.5"]
[White "Sandor, Laszlo"]
[Black "Nemeth, Otto"]
[Result "0-1"]
[WhiteElo "1490"]
[BlackElo "1837"]
[PlyCount "40"]
[EventDate "2012.07.07"]

1. e4 c5 2. Nf3 Nc6 3. d4 cxd4 4. Nxd4 d6 5. Be3 Bd7 6. Nc3 Nf6 7. Be2 g6 8.
Qd2 Bg7 9. a3 a6 10. a4 O-O 11. O-O Rc8 12. f4 Qc7 13. g4 Nxd4 14. Bxd4 Bc6 15.
Bf3 e5 16. Be3 Rfd8 17. g5 exf4 18. Bxf4 Ne8 19. Bg4 Rb8 20. Rfd1 Qb6+ 0-1

[Event "FIRST SATURDAY TOURNAMENTS Budapest FM B"]
[Site "Budapest"]
[Date "2012.07.11"]
[Round "5.1"]
[White "Schmidt, Wolfgang"]
[Black "Czipp, Janos"]
[Result "0-1"]
[WhiteElo "1444"]
[BlackElo "1414"]
[PlyCount "80"]
[EventDate "2012.07.07"]

1. d4 Nf6 2. Nf3 d5 3. c4 e6 4. Nc3 b6 5. a3 Be7 6. Bg5 h6 7. Bh4 c6 8. h3 O-O
9. e3 Nbd7 10. cxd5 Nxd5 11. Bg3 N7f6 12. Bd3 Bb7 13. Rc1 Bd6 14. Ne5 Nxc3 15.
Rxc3 c5 16. O-O Ne4 17. Rc2 f6 18. Ng6 Nxg3 19. fxg3 Rf7 20. Nf4 Bxf4 21. Rxf4
Bd5 22. Rc1 cxd4 23. Rxd4 f5 24. e4 Qf6 25. Bc2 fxe4 26. Qd2 Rc8 27. Rd1 Qe5
28. g4 e3 29. Qd3 Rxc2 30. Qxc2 e2 31. Qd2 exd1=Q+ 32. Qxd1 Qe3+ 33. Kh2 Rf2
34. Rxd5 Qf4+ 35. Kg1 exd5 36. Qxd5+ Qf7 37. Qd8+ Qf8 38. Qd5+ Kh8 39. Qd4 Rf1+
40. Kh2 Qf4+ 0-1

[Event "FIRST SATURDAY TOURNAMENTS Budapest FM B"]
[Site "Budapest"]
[Date "2012.07.11"]
[Round "5.3"]
[White "Gruz, Janos"]
[Black "Sandor, Laszlo"]
[Result "1/2-1/2"]
[WhiteElo "1868"]
[BlackElo "1490"]
[PlyCount "88"]
[EventDate "2012.07.07"]

1. d4 d5 2. Nf3 Nf6 3. e3 e6 4. Bd3 c5 5. b3 cxd4 6. exd4 b6 7. Qe2 Nc6 8. a3
g6 9. Bb2 Bb7 10. Nbd2 Bg7 11. Rb1 O-O 12. O-O Rc8 13. Rfd1 Qe7 14. Nf1 Rfd8
15. Ng3 Rc7 16. Ba6 Bxa6 17. Qxa6 Rdc8 18. Qd3 Na5 19. Ne1 Nc6 20. f4 Nd7 21.
Nf3 Na5 22. Rd2 Bh6 23. Ne2 Qd6 24. g3 Nf6 25. Nc3 Qd7 26. Ne5 Qe7 27. a4 Nc6
28. Nxc6 Rxc6 29. Re2 Qd7 30. Rf1 Bg7 31. Rf3 Ne8 32. Na2 Nf6 33. Nb4 R6c7 34.
c3 Ne4 35. Rxe4 dxe4 36. Qxe4 Rd8 37. Qe3 Qd6 38. Nc2 Rcd7 39. Qd2 Qc6 40. Re3
Qc8 41. Re4 Rd5 42. Ne3 R5d7 43. Nc2 Rd5 44. Ne3 R5d7 1/2-1/2

[Event "FIRST SATURDAY TOURNAMENTS Budapest FM B"]
[Site "Budapest"]
[Date "2012.07.11"]
[Round "5.5"]
[White "Prohaszka, Gyula Imre"]
[Black "Mihajlova, Diana"]
[Result "0-1"]
[WhiteElo "1260"]
[BlackElo "1431"]
[PlyCount "101"]
[EventDate "2012.07.07"]

1. d4 Nf6 2. c4 e5 3. dxe5 Ne4 4. e3 b6 5. Bd3 Bb7 6. Qf3 Nc5 7. e4 Nxd3+ 8.
Qxd3 Nc6 9. Nf3 Nb4 10. Qe2 d6 11. O-O Qd7 12. exd6 Bxd6 13. Rd1 Qe7 14. e5 O-O
15. Nc3 Bxf3 16. Qxf3 Rae8 17. Be3 Bxe5 18. a3 Nc2 19. Rac1 Nxe3 20. Qxe3 c6
21. Re1 Qd8 22. Kh1 Qh4 23. h3 Bf4 24. Qxe8 Bxc1 25. Qe4 Qh6 26. Qc2 Bd2 27.
Re7 Qf6 28. Rxa7 Qxf2 29. Ne4 Qf1+ 30. Kh2 Be3 31. Rd7 Qf4+ 32. g3 Qf1 33. Rd1
Qf3 34. Qd3 f5 35. Nc3 Qf2+ 36. Kh1 Qxg3 37. Qf1 f4 38. a4 f3 39. b4 f2 40. Ne2
Qf3+ 41. Kh2 h5 42. a5 h4 43. a6 Bf4+ 44. Nxf4 Qxf4+ 45. Kh1 b5 46. cxb5 cxb5
47. a7 Qf3+ 48. Kh2 Qf4+ 49. Kh1 Qxb4 50. Kg2 Qe4+ 51. Kh2 0-1

[Event "FIRST SATURDAY TOURNAMENTS Budapest FM B"]
[Site "Budapest"]
[Date "2012.07.11"]
[Round "5.6"]
[White "Balla, Attila"]
[Black "Olah, Laszlo Istvan"]
[Result "1-0"]
[WhiteElo "1782"]
[BlackElo "1635"]
[PlyCount "51"]
[EventDate "2012.07.07"]

1. d4 Nf6 2. Nf3 g6 3. g3 Bg7 4. Bg2 O-O 5. O-O d6 6. Re1 c5 7. c3 Bd7 8. e4
Nc6 9. d5 Na5 10. Nbd2 b5 11. b3 Qb6 12. Rb1 Rab8 13. Nf1 Ng4 14. Qc2 f5 15. h3
fxe4 16. hxg4 exf3 17. Bh3 Qd8 18. Bg5 Rf7 19. Qd2 Qe8 20. Re4 h5 21. Nh2 Be5
22. Bh6 Kh7 23. gxh5 Bxh3 24. hxg6+ Kxg6 25. Qg5+ Kh7 26. Rh4 1-0

[Event "FIRST SATURDAY TOURNAMENTS Budapest FM B"]
[Site "Budapest"]
[Date "2012.07.12"]
[Round "6.1"]
[White "Czipp, Janos"]
[Black "Olah, Laszlo Istvan"]
[Result "1-0"]
[WhiteElo "1414"]
[BlackElo "1635"]
[PlyCount "53"]
[EventDate "2012.07.07"]

1. d4 Nf6 2. c4 g6 3. Nf3 Bg7 4. Nc3 O-O 5. e4 d6 6. h3 c5 7. dxc5 dxc5 8. Bd3
Nc6 9. Be3 Qa5 10. O-O Rd8 11. Qe2 Nd7 12. Nd5 Nde5 13. Bd2 Qa4 14. b3 Qa3 15.
Nxe5 Nxe5 16. Nxe7+ Kf8 17. Nd5 Nxd3 18. Qxd3 Bxa1 19. Rxa1 Be6 20. Bh6+ Ke8
21. Nc7+ Ke7 22. Nd5+ Bxd5 23. exd5 Qb2 24. Re1+ Kd7 25. Qf3 f5 26. d6 Rab8 27.
Qd5 1-0

[Event "FIRST SATURDAY TOURNAMENTS Budapest FM B"]
[Site "Budapest"]
[Date "2012.07.12"]
[Round "6.2"]
[White "Mihajlova, Diana"]
[Black "Balla, Attila"]
[Result "1-0"]
[WhiteElo "1431"]
[BlackElo "1782"]
[PlyCount "105"]
[EventDate "2012.07.07"]

1. e4 e5 2. Nf3 Nc6 3. Bc4 Bc5 4. c3 Nf6 5. O-O Nxe4 6. d4 exd4 7. cxd4 Bb6 8.
Bd5 Nf6 9. Re1+ Ne7 10. Bb3 d5 11. Bg5 Ne4 12. Bxe7 Kxe7 13. Nc3 c6 14. Nxe4
dxe4 15. Rxe4+ Kf8 16. Rf4 f6 17. Ng5 Qe8 18. Nf7 Rg8 19. Qd2 Be6 20. Re1 Qxf7
21. Bxe6 Qh5 22. Bxg8 Bc7 23. Bxh7 Bxf4 24. Qxf4 Qxh7 25. Qd6+ Kg8 26. Qd7 g5
27. Qxh7+ Kxh7 28. Re7+ Kg6 29. Rxb7 Kf5 30. f3 Rd8 31. Rb4 Rd7 32. Rc4 Rd6 33.
Kf2 Ke6 34. Ke3 Kd5 35. Kd3 Re6 36. Rc5+ Kd6 37. Kd2 Re7 38. Rf5 Ke6 39. g4 Rh7
40. Kc3 Rxh2 41. a4 Re2 42. b4 Re1 43. Kd2 Rb1 44. b5 Ra1 45. bxc6 Rxa4 46. Kc3
Ra6 47. Rc5 Ra1 48. Kd2 Ra2+ 49. Kd3 Ra3+ 50. Rc3 Rxc3+ 51. Kxc3 Kd6 52. d5 Kc7
53. Kb4 1-0

[Event "FIRST SATURDAY TOURNAMENTS Budapest FM B"]
[Site "Budapest"]
[Date "2012.07.12"]
[Round "6.6"]
[White "Schmidt, Wolfgang"]
[Black "Nemeth, Otto"]
[Result "0-1"]
[WhiteElo "1444"]
[BlackElo "1837"]
[PlyCount "54"]
[EventDate "2012.07.07"]

1. d4 Nf6 2. Nf3 d5 3. c4 dxc4 4. Nc3 c6 5. a4 Nd5 6. e4 Nxc3 7. bxc3 Qa5 8.
Bb2 Be6 9. Be2 Nd7 10. O-O Nb6 11. Qd2 h6 12. Ba3 Nxa4 13. Bb4 Qa6 14. Qc2 b5
15. Ne5 Qb6 16. Rad1 a5 17. Ba3 Rd8 18. f4 g6 19. f5 gxf5 20. exf5 Bd5 21. Bh5
Rh7 22. f6 Rh8 23. Bxf7+ Bxf7 24. Rde1 e6 25. Bc1 Nxc3 26. Qxc3 Bb4 27. Qf3
Qxd4+ 0-1

[Event "FIRST SATURDAY TOURNAMENTS Budapest FM B"]
[Site "Budapest"]
[Date "2012.07.13"]
[Round "7.1"]
[White "Nemeth, Otto"]
[Black "Czipp, Janos"]
[Result "0-1"]
[WhiteElo "1837"]
[BlackElo "1414"]
[PlyCount "125"]
[EventDate "2012.07.07"]

1. e4 g6 2. d4 Bg7 3. Be3 d6 4. Nc3 Nf6 5. h3 e5 6. dxe5 Nxe4 7. Nxe4 Bxe5 8.
Bd4 Qe7 9. Be2 O-O 10. Nf3 Bf5 11. Nc3 Nc6 12. Nd5 Qd8 13. Ne3 Nxd4 14. Nxe5
dxe5 15. c3 Nc6 16. Qxd8 Raxd8 17. Nxf5 gxf5 18. Rd1 Rd6 19. Rxd6 cxd6 20. f3
b6 21. Kf2 Kg7 22. Rd1 Rd8 23. b4 Ne7 24. a4 d5 25. Rb1 d4 26. c4 d3 27. Rd1 e4
28. Bf1 Nc6 29. Ke3 Nxb4 30. fxe4 Nc2+ 31. Kf4 fxe4 32. Kxe4 Rd4+ 33. Kf3 Rxc4
34. Bxd3 Nd4+ 35. Ke3 Rxa4 36. Bb1 Ne6 37. Rd7 h6 38. Bf5 Kf6 39. Bg4 Ra5 40.
Rd6 Re5+ 41. Kf2 Ke7 42. Rc6 Rc5 43. Rxc5 Nxc5 44. Ke3 Kd6 45. Kd4 Ne6+ 46. Kc4
a6 47. Bf3 Nc5 48. Kb4 Ke5 49. Bh5 Kf6 50. Be2 Kg5 51. Bf3 f5 52. Kc4 h5 53.
Kd5 Ne4 54. Kc6 b5 55. Kb6 b4 56. Bd1 Kf4 57. Kxa6 b3 58. Ka5 b2 59. Bc2 Nc3
60. Kb4 b1=Q+ 61. Kxc3 Qe1+ 62. Kd4 Qf2+ 63. Kd3 0-1

[Event "FIRST SATURDAY TOURNAMENTS Budapest FM B"]
[Site "Budapest"]
[Date "2012.07.13"]
[Round "7.2"]
[White "Gruz, Janos"]
[Black "Schmidt, Wolfgang"]
[Result "1/2-1/2"]
[WhiteElo "1868"]
[BlackElo "1444"]
[PlyCount "73"]
[EventDate "2012.07.07"]

1. d4 Nf6 2. Nf3 g6 3. e3 Bg7 4. c4 d6 5. Nc3 O-O 6. Bd3 Nfd7 7. Bd2 e5 8. Qb3
exd4 9. exd4 c6 10. O-O-O Nf6 11. Bg5 h6 12. Bh4 Qc7 13. Bg3 Nh5 14. Kb1 Kh7
15. Ne2 Nd7 16. h3 Nxg3 17. fxg3 Nb6 18. h4 d5 19. c5 Nc4 20. h5 Qe7 21. Nf4
Bf5 22. g4 Bxd3+ 23. Qxd3 Qe4 24. hxg6+ Kg8 25. gxf7+ Rxf7 26. Nh5 Qxg4 27.
Rdg1 Re8 28. Nxg7 Kxg7 29. Rh4 Qg3 30. Rgh1 Rf6 31. b3 Rxf3 32. gxf3 Re1+ 33.
Rxe1 Qxe1+ 34. Kc2 Qf2+ 35. Kc1 Qe1+ 36. Kc2 Qf2+ 37. Kc1 1/2-1/2

[Event "FIRST SATURDAY TOURNAMENTS Budapest FM B"]
[Site "Budapest"]
[Date "2012.07.13"]
[Round "7.4"]
[White "Prohaszka, Gyula Imre"]
[Black "Sandor, Laszlo"]
[Result "0-1"]
[WhiteElo "1260"]
[BlackElo "1490"]
[PlyCount "40"]
[EventDate "2012.07.07"]

1. d4 d5 2. c4 c6 3. Bf4 dxc4 4. e3 b5 5. a4 e6 6. Qf3 Bb4+ 7. Nc3 Bxc3+ 8.
bxc3 Qb6 9. Rb1 a6 10. Bxb8 Rxb8 11. Bxc4 Qc7 12. axb5 cxb5 13. Bb3 Qxc3+ 14.
Kd1 Qc7 15. Rc1 Qb7 16. d5 Nf6 17. e4 O-O 18. Ne2 Rd8 19. Nc3 exd5 20. Nxd5 Bg4
0-1